Innovaciones tecnológicas en cultivos de invernadero

Salvato in:
Dettagli Bibliografici
Autore principale: Fernández Rodríguez, Eduardo J (Autore)
Natura: Libro
Lingua:spagnolo
Pubblicazione: Madrid Agrotécnicas 2003
Edizione:1a. ed
Soggetti:
Tags: Aggiungi Tag
Nessun Tag, puoi essere il primo ad aggiungerne!!

MARC

LEADER 00000nam a2200000 a 4500
001 UCK8402
003 CL-VaPUC
008 060317e20030000SP |||||||||||||||||spa|d
020 |a 8487480527 
082 0 4 |a 631.583  |b FER  |2 21 
100 0 |a Fernández Rodríguez, Eduardo J  |e author  |9 498160 
245 1 0 |a Innovaciones tecnológicas en cultivos de invernadero 
250 |a 1a. ed 
300 |a 274 p 
942 |c BK 
945 |d 20060317 00:00:00  |a cmena 
260 |a Madrid  |b Agrotécnicas  |c 2003 
650 0 |a Invernaderos  |9 264317 
650 0 |a Horticultura  |9 259721 
650 0 |a Fertirrigación  |9 392250 
650 0 |a Control de temperatura  |9 364026 
583 |a last modification  |c 20060317 00:00:00  |k Rodrigo Vera 
999 |c 316054  |d 316052 
952 |0 0  |1 0  |4 0  |6 631_583000000000000_FER_2003  |7 0  |8 A  |9 390132  |a BIBAGR  |b BIBAGR  |d 2019-11-22  |i 4203135  |l 1  |o 631.583 FER 2003  |p 4203135  |r 2025-04-11  |s 2025-04-04  |w 2019-11-22  |y BK  |k AGR